Understanding Management Governance and Ethics (Record no. 4122)
[ view plain ]
| 000 -LEADER | |
|---|---|
| fixed length control field | 00371nam a22001337a 4500 |
| 008 - FIXED-LENGTH DATA ELEMENTS--GENERAL INFORMATION | |
| fixed length control field | 250703b |||||||| |||| 00| 0 eng d |
| 020 ## - INTERNATIONAL STANDARD BOOK NUMBER | |
| ISBN | 9789789418343 |
| 100 ## - MAIN ENTRY--AUTHOR | |
| Author | SHARARA Monsuru |
| 245 ## - TITLE STATEMENT | |
| Title | Understanding Management Governance and Ethics |
| 260 ## - PUBLICATION, DISTRIBUTION, ETC. (IMPRINT) | |
| Place of publication | Lagos Nigeria |
| Name of publisher | Phodun Int'l Consulting Ltd. |
| Date of publication | 2014 |
| 300 ## - COLLATION | |
| Pagination | xvi, 256p. |
| 942 ## - ADDED ENTRY ELEMENTS (KOHA) | |
| Item type | Books |
| 050 ## - LIBRARY OF CONGRESS CALL NUMBER | |
| Classification number | HD697 |
| Item number | .S43 |
| Source of classification or shelving scheme | Not for loan | Permanent location | Current location | Date acquired | Accession No. | Full call number | Barcode. | Koha item type |
|---|---|---|---|---|---|---|---|---|
| Library of Congress Classification | Samuel Ogbemudia Main Library, University of Abuja | Samuel Ogbemudia Main Library, University of Abuja | 07/03/2025 | 2014/44202 | HD697.S43 | 2025-2857 | Books | |
| Library of Congress Classification | Samuel Ogbemudia Main Library, University of Abuja | Samuel Ogbemudia Main Library, University of Abuja | 07/03/2025 | 2014/44202 | HD697.S43 | 2025-2858 | Books |